00688nam a2200229 a 450000100060000000300080000600500170001400800410003103500190007204000270009104100080011808200260012610000170015224500480016926000340021730000250025150400410027652000550031765000180037265100340039065100340042426219BD-RjUL20211209051003.0140320s1988 ii b 000 0 eng d a(BD-RjUL)26289 aDLCcDLCdBD-RjULbeng aeng00a954.03219bSEU 19881 aSen, Ranjit.10aUnderstanding Indian history /cRanjit Sen. aCalcutta :bFirma KLM,c1988. avi, 210 p. ;c22 cm. aIncludes bibliographical references. aCovers mainly events of the 19th and 20th century. aIndia History 0aIndiaxHistoryy19th century. 0aIndiaxHistoryy20th century.